Positive psychology: A workbook for personal growth and well-being (Record no. 394807)

MARC details
000 -LEADER
fixed length control field 00553 a2200205 4500
005 - DATE & TIME
control field 20260121103850.0
008 - FIXED-LENGTH DATA ELEMENTS--GENERAL INFORMATION
fixed length control field 260120b |||||||| |||| 00| 0 eng d
020 ## - ISBN
International Standard Book Number 9781071821718
Price $ 83.00
040 ## - CATALOGING SOURCE
Original cataloging agency VIVEKANANDA LIBRARY
082 ## - DDC NUMBER
Classification number 150.198
Book Number H675P
100 ## - MAIN ENTRY--PERSONAL NAME
Personal name Hoffman, Edward
245 ## - TITLE STATEMENT
Title Positive psychology: A workbook for personal growth and well-being
260 ## - PUBLICATION, DISTRIBUTION, ETC. (IMPRINT)
Name of publisher, distributor, etc Sage
Date of publication, distribution, etc 2024
Place of publication, distribution, etc New Delhi
300 ## - PHYSICAL DESCRIPTION
Pages xvi, 133
650 ## - Subject
Subject Psychology
650 ## - Subject
Subject Well-Being
650 ## - Subject
Subject Positive Health
700 ## - Added Entry Personal Name
Added Entry Personal Name Compton, William C
942 ## - ADDED ENTRY ELEMENTS (KOHA)
Koha item type Books
Holdings
Withdrawn status Lost status Source of classification or shelving scheme Damaged status Not for loan Location (home branch) Sublocation or collection (holding branch) Shelving location Date acquired Koha issues (times borrowed) Koha full call number Accession No. Koha date last seen Koha item type
    Dewey Decimal Classification     VIVEKANANDA LIBRARY VIVEKANANDA LIBRARY Vivekananda Library 06/01/2026   150.198 H675P 444169 06/01/2026 Books
© Designed and Maintained by Vivekananda Library, MDU Rohtak